000 00460nam a22001697a 4500
003 NUST
038 _aMr. Zahoor
082 _a658
100 _aAFRIDI, IMRAN KHAN
_917846
245 _aCAPITAL STRUCTURE DETERMINANTS : EVIDENCE FROM KSE
_cIMRAN KHAN AFRIDI
260 _aIslamabad :
_bNBS - NUST,
_c2013.
300 _a28 p. : ill. ;
500 _aHardcover.
650 _aHRM - MBA Thesis
_917537
700 _aSir Fazli Azim
_917847
942 _2ddc
_cTHE
999 _c526852
_d526852